A literary satellite : Czechoslovak-Russian literary relations /

Hlavní autor: Součková, Milada, 1899-1983
Jazyk: Angličtina
Vydáno: Chicago : University of Chicago Press, 1970
Fyzický popis: 9, 179 s.
Knihy
Uloženo v:
LEADER 00724nam a22001932a 4500
001 000252829
003 CZ BrMZK
005 20021011140932.0
007 ta
008 010907s1970 xxu f eng d
040 |a BOA001  |b cze  |c BOA001 
100 1 |a Součková, Milada,  |d 1899-1983  |7 jz8001161  |4 aut 
245 1 2 |a A literary satellite :  |b Czechoslovak-Russian literary relations /  |c Milada Součková 
260 |a Chicago :  |b University of Chicago Press,  |c 1970 
300 |a 9, 179 s. 
910 |a BOA001  |b 2-0950.351 
990 |a BK 
996 7 |b 2619341069  |c 2-0950.351  |l MZK  |r Sklad / do 1 hodiny  |n 0  |w 000252829  |u 000020  |a 1  |e BOA001  |j MZK50  |s A 
996 7 |b 2619903223  |c 2-0950.351  |l MZK  |r Sklad / do 1 hodiny  |n 5  |w 000252829  |u 000010  |a 1  |e BOA001  |j MZK50  |s A